000 00720nam a22001337a 4500
040 _cRUA
082 _aRUB YOR 2017 B662 Or.1
100 _aYORN SOKVANN យ៉ន សុខវ៉ាន់
245 _arrimflow stimulation on clones pr 107, GT1 and PB2017 at sopheak nika invesment group Co.,LTd រញេចកម្មRRIMFLOW ទៅលើក្លូន PR 107 , GT1 និងPB2017 នៅក្រុមហ៊ុន សុភក្តិនីការ អុិនវេសមេន គ្រុប ខូ.,អិលធីឌី
260 _aRUA
_bphnome penh
_c2017
300 _axii;69p
_bill;
_c29cm
856 _uhttps://drive.google.com/file/d/1j9TRB2ju6giY82zrClhwZzpbhyxzPMVE/view?usp=sharing
942 _cRUB
999 _c19148
_d19148